Organization and management of agricultural development for small farmers (Record no. 40907)
[ view plain ]
| 000 -LEADER | |
|---|---|
| fixed length control field | 00385nam a2200121Ia 4500 |
| 082 ## - DEWEY DECIMAL CLASSIFICATION NUMBER | |
| Classification number | 338.43.01-058.244 |
| Item number | FAO |
| 245 #0 - TITLE STATEMENT | |
| Title | Organization and management of agricultural development for small farmers |
| 260 ## - PUBLICATION, DISTRIBUTION, ETC. (IMPRINT) | |
| Place of publication | Rome |
| Name of publisher | FAO |
| Year of publication | 1992 |
| 490 ## - SERIES STATEMENT | |
| Series statement | FAO economic and social development paper 20 Rev.1 |
| 650 ## - SUBJECT ADDED ENTRY--TOPICAL TERM | |
| Topical Term | Policy issues |
| 942 ## - ADDED ENTRY ELEMENTS (KOHA) | |
| Koha item type | Books |
| Withdrawn status | Lost status | Damaged status | Not for loan | Home library | Current library | Date acquired | Cost, normal purchase price | Full call number | Accession Number | Koha item type |
|---|---|---|---|---|---|---|---|---|---|---|
| RRII Library | RRII Library | 16/12/2021 | 10.00 | 338.43.01-058.244 FAO | 21200 | Books |